000 00803nam a22002297a 4500
003 JO-AjAnu
005 20231202092003.0
008 231128b jo ||||| |||| 00| 0 ara d
015 _22020/20070
020 _a9789778125580
040 _aJO-AjAnu
_bARA
_cJO-AjAnu
041 _aARA
050 _aSF487
_a2021
100 1 _aالسيد، احمد جلال
_eاعداد
_964509
245 2 _aالمضادات الحيوية وصناعة الدواجن /
_cاحمد جلال السيد
250 _aالطبعة الاولى
260 _aالقاهرة :
_bالمكتب العربي للمعارف،
_c2021
300 _a330صفحة
500 _aيحتوي على مراجع وصور توضيحية
650 7 0 _aالدواجن، المضادات الحيوية
_964511
942 _2lcc
_cBK
_n0
999 _c33181
_d33181